Представление документа в формате MARC21

Поле Инд. ПП Название Значение
Тип записи a
Библиографический уровень m
001 Контрольный номер UNIDUBNA6c8eb4128b73495a82f7c55bebbb8323
005 Дата корректировки 20260413090616.5
020 a ISBN 5-03-000270-7
020 a ISBN 5-03-000269-3
040 b Код языка каталог. rus
041 0_ a Код языка текста eng
084 a Индекс другой классификации/Индекс ББК 22
090 a Полочн. индекс 22
x Авторский знак M 39
100 1_ a Автор Krasnov M.
u Дополнение к имени Краснов М.
100 1_ a Автор Kiselev A.
q Полное имя Киселев А.
100 1_ a Автор Makarenko G.
u Дополнение к имени Макаренко Г.
100 1_ a Автор Shikin E.
q Полное имя Шикин Е.
245 10 a Заглавие Mathematical Analysis for Engineers
b Продолж. заглавия in two volumes
n Номер части/ раздела Volume 1
246 01 a Другая форма заглавия Курс высшей математики для инженеров
b Сведения, относящиеся к заглавию в 2 т.
n Номер части/ раздела Т.1
260 a Место издания Moscow
b Издательство Mir publishers
c Дата издания 1990
300 a Объем 600 p.
336 a Термин вида содержания Текст
337 a Термин типа средства непосредственный
650 04 a Основная рубрика математика
653 0_ a Ключевые слова ОКНОиЭК
655 a Жанр/ форма (устаревшее) учебное пособие
901 t Тип документа m
952 a Тип литературы для КСУ ВШ УИ